[Event "75th Tata Steel GpA"]
[Site "Wijk aan Zee NED"]
[Date "2013.01.27"]
[Round "13.2"]
[White "Karjakin, Sergey"]
[Black "Van Wely, Loek"]
[Result "1-0"]
[WhiteTitle "GM"]
[BlackTitle "GM"]
[WhiteElo "2780"]
[BlackElo "2679"]
[WhiteFideId "14109603"]
[BlackFideId "1000268"]
[EventDate "2013.01.12"]

1. e4 c5 2. Nf3 d6 3. d4 cxd4 4. Nxd4 Nf6 5. Nc3 g6 6. Be3 Bg7 7. f3 Nc6 8. Qd2
O-O 9. O-O-O d5 10. exd5 Nxd5 11. Nxc6 bxc6 12. Bd4 Bxd4 13. Qxd4 Qb6 14. Na4
Qc7 15. Bc4 Rd8 16. Nc5 {This system seems much more promising than Leko's try
two rounds before.} (16. Bb3 Be6 17. Nc5 Nf4 18. Nxe6 {1-0 Leko,P (2735)-Van
Wely,L (2679)/Wijk aan Zee NED 2013 (70)}) 16... Bf5 17. Bb3 h5 $2 {Not good
according to Karjakin. The two main moves are:} (17... Nb6) (17... Nf4) 18. g4
{Already black's position is on it's way downhill. Van Wely didn't play at all
well from now on.} (18. Rhe1 Nb6 19. Qe3 {1/2-1/2 Muzychuk,A (2606)-Cmilyte,V 
(2520)/Ankara TUR 2012/The Week in Chess 934 (54)}) 18... e5 19. Qg1 Nf4 20.
Re1 hxg4 21. fxg4 Bc8 22. Qg3 a5 $6 (22... Rd4) 23. Qh4 a4 $2 {This move is
met by a terribly embarrassing response.} (23... Kg7 24. Ne4 Rf8 (24... Ba6)
25. Qf6+ Kg8) 24. Bxf7+ $1 Kg7 25. Ne4 1-0

[Event "75th Tata Steel GpA"]
[Site "Wijk aan Zee NED"]
[Date "2013.01.27"]
[Round "13.4"]
[White "Giri, Anish"]
[Black "Carlsen, Magnus"]
[Result "1/2-1/2"]
[WhiteTitle "GM"]
[BlackTitle "GM"]
[WhiteElo "2720"]
[BlackElo "2861"]
[WhiteFideId "24116068"]
[BlackFideId "1503014"]
[EventDate "2013.01.12"]

1. d4 Nf6 2. c4 g6 3. f3 d6 4. e4 e5 5. d5 Nh5 6. Be3 Bg7 7. Nc3 O-O 8. Qd2 f5
9. O-O-O f4 10. Bf2 Bf6 11. Qe1 Nd7 {"I played very principaled. We got some
strange strategic position. I was quite happy with it, we are young players
and young players we don't claim we have knowledge of these complicated
positions because some people they claim that they do but it's hard to
understand what's happening. We were a little bit on equal ground because it
was very complicated." - Giri} (11... Be7 12. g4 Ng7 13. h4 Nd7 14. Nge2 h6 15.
Kb1 c5 16. a3 a6 17. Nc1 Ne8 18. Bd3 b5 19. cxb5 Nc7 20. h5 g5 21. Qf1 axb5 22.
Nxb5 Nxb5 23. Bxb5 Qb6 24. Be1 Ba6 25. Bxa6 Rxa6 26. Rd3 Qa7 27. Rb3 Rb6 28.
Rh2 Rfb8 29. Rxb6 Rxb6 30. Qd3 Bd8 31. Ka2 Rb8 32. Nb3 Kf8 33. Rc2 Ke7 34. Bd2
Bc7 35. Bc1 Ba5 36. Bd2 Bd8 37. Qc4 Rb7 38. Bc3 Nb6 39. Qe2 Na4 40. Be1 Qb8 41.
Qc4 Nb6 42. Qa6 Nd7 43. Nd2 Ra7 44. Qe2 Ba5 45. Nc4 Bxe1 46. Qxe1 Qb5 47. Qc3
Qa6 48. Qb3 Rb7 49. Qd3 Qa4 50. Rc3 Rb4 51. Kb1 Rb7 52. Qc2 Qa6 53. Rb3 Ra7 54.
Qd3 Kd8 55. Nd2 Qxd3+ 56. Rxd3 Nb6 57. Ka2 Ra4 58. b3 Ra6 59. Rc3 Kd7 60. Nc4
Nc8 61. b4 {1-0 Ivanchuk,V (2695)-Gurevich,M (2650)/Linares 1991.}) 12. Kb1 Be7
13. g3 (13. Nge2 b6 14. b4 a5 15. a3 Bb7 16. Nc1 Nb8 17. Nb3 axb4 18. axb4 Na6
19. Na2 Qd7 20. Kb2 Kh8 21. Ra1 h6 22. Nac1 Nb8 23. Nd3 c5 24. Rxa8 Bxa8 25.
Qa1 Qb7 26. Be2 Nd7 27. Rb1 Qc7 28. bxc5 dxc5 29. Kc2 Bb7 30. Rb2 Ra8 31. Ra2
Rxa2+ 32. Qxa2 Nhf6 33. Qa1 g5 34. Be1 Bd6 35. Bc3 Kg7 36. Nd2 h5 37. Kc1 Nh7
38. Bd1 Nhf8 39. Ba4 Bc8 40. h4 Kg6 41. hxg5 Kxg5 42. g3 fxg3 43. f4+ exf4 44.
e5 Nxe5 45. Bxe5 Bxe5 46. Nf3+ Kg4 47. Ndxe5+ Kh3 48. Kd2 g2 49. Qg1 {1-0
Gheorghiu,F (2525)-Angantysson,H (2305)/Reykjavik 1986/EXT 2000}) 13... c5 $6 {
"I think it was quite wrong of him [to allow the next] because he can play any
move. a6, Rb8 and then eventually c5 so I think he underestimated that." -
Giri.} 14. dxc6 bxc6 15. c5 $1 {"I don't know whether I want to close the
kingside or the queenside or whether he wants to close kingside or queenside.
In this sense I was quite relieved that I had this tactic with 14.dxc6 and 15.
c5 because if I didn't have it I wouldn't be sure how to proceed. I should not
be worse anyhow." - Giri.} dxc5 16. Na4 Qc7 17. Qc3 Rb8 18. Bh3 Nb6 19. Nxc5 {
"My position looked better and better with every move basically." - Giri.} Rf7
$1 {"He played 16...Rf7 I thought this was very strong but then I saw b3 and
realised nothing was working for him.." - Giri.} 20. b3 $1 fxg3 21. hxg3 Bxc5
22. Qxc5 Ng7 {"Once he took on g3, c5 followed by 22...Ng7 it was clear he is
basically in trouble and he just wants to not lose immediately." - Giri.} 23.
Rc1 Be6 24. Qxc6 {"Then I got a little bit too overoptimistic. I took this
pawn and played 26.Bg2 which practically speaking started to feel a little bit
too dangerous and I didn't like it anymore because I still need two tempi to
develop my knight, Bb3 is always in the air so even though it was probably
very good for me I think the Bg2 idea was already slightly wrong. I cannot
calculate Bxb3 on every move, it's a bit too much.." - Giri.} (24. Bf1 {
Doesn't seem totally clear either.} Na4 25. Qa3 Qa5) 24... Qe7 25. Qc5 Qf6 26.
Bg2 Rfb7 {Black is already getting some dangerous threats.} 27. Ka1 Nd7 28. Qd6
Ne8 29. Qa6 {"Finally I wanted to keep an eye on his queen with my queen and
actually I saw this Bxb3 but I must be honest I wasn't worried. I was thinking
I might be slightly better so I was only considering ways for him to get an
attack."} Bxb3 30. Qxf6 Nexf6 31. axb3 {There were other moves to keep the
game going but white doesn't seem better anymore.} (31. Nh3 Bf7 32. Rb1) (31.
Rb1 Bf7 32. Ne2 Nb6) 31... Rxb3 32. Rc2 Rb1+ 33. Ka2 R1b4 34. Ka1 Rb1+ 35. Ka2
R1b4 36. Ka1 {"Speaking objectively I missed a lot of chances but I think it
was not so bad and I think it was an interesting game." - Giri} 1/2-1/2

[Event "75th Tata Steel GpA"]
[Site "Wijk aan Zee NED"]
[Date "2013.01.27"]
[Round "13.5"]
[White "Caruana, Fabiano"]
[Black "Aronian, Levon"]
[Result "1/2-1/2"]
[WhiteTitle "GM"]
[BlackTitle "GM"]
[WhiteElo "2781"]
[BlackElo "2802"]
[WhiteFideId "2020009"]
[BlackFideId "13300474"]
[EventDate "2013.01.12"]

1. e4 e5 2. Nf3 Nc6 3. Bb5 Nf6 4. O-O Nxe4 5. d4 Nd6 6. Bxc6 dxc6 7. dxe5 Nf5 8.
Qxd8+ Kxd8 9. h3 Bd7 10. Nc3 Kc8 11. b3 b6 12. Bb2 Be7 13. Rad1 Nh4 14. Nd4 h5
15. Kh2 Kb7 16. g3 Ng6 17. Rfe1 c5 18. Nf3 Bf5 19. Rd2 Rhd8 20. Rde2 Nf8 21. Ne4
Ne6 22. Bc1 a5 23. Neg5 Bxg5 24. Bxg5 Rd5 25. Be3 a4 26. Nh4 Rxe5 27. f4 Rxe3
28. Rxe3 Bxc2 29. bxa4 Rxa4 30. a3 Nd4 31. Nf3 Bf5 32. Rc1 Be6 33. Nd2 c4 34. g4
hxg4 35. hxg4 Nb3 36. Rc2 Nxd2 37. Rxd2 Bxg4 38. Rg2 Bh5 39. Rxg7 Ra5 40. Kg3
Bg6 41. Rc3 Rc5 42. Rg8 b5 43. Re8 Rd5 44. Kf2 Bd3 45. Ke3 c5 46. Rc1 Rh5 47.
Re7+ Kb6 48. Rxf7 Rh3+ 49. Kf2 b4 50. Re1 Rh2+ 51. Kf3 Rh6 52. axb4 cxb4 53. f5
b3 54. Rf8 Kc5 55. f6 Kd4 56. Kf4 Kc3 57. Ke5 Rh5+ 58. Ke6 Kd2 59. Rg1 Rh6 60.
Rd8 b2 61. Ke7 Rh7+ 62. f7 c3 63. Rg2+ Ke3 64. Rb8 Bc4 65. Rbxb2 Rxf7+ 66. Kd6
cxb2 67. Rxb2 Kd4 68. Rd2+ Bd3 69. Rd1 Rf6+ 70. Ke7 Ra6 71. Kd7 Ke4 72. Ke7 Bb5
73. Rc1 Kd5 74. Rd1+ Ke5 75. Re1+ Kf5 76. Re3 Bc6 77. Re1 Be4 78. Rf1+ Ke5 79.
Re1 Ra7+ 80. Ke8 Kd5 81. Kf8 Bf5 82. Re7 Ra6 83. Re1 Be4 84. Re2 Re6 85. Ra2 Ke5
86. Ra7 Rb6 87. Re7+ Kf4 88. Ra7 Bd5 89. Rc7 Ke5 90. Ke7 Rh6 91. Kd8 Bc6 92.
Re7+ Kd5 93. Rg7 Re6 94. Kc7 Kc5 95. Rg5+ Bd5 96. Rg7 Ra6 97. Kd8 Kd6 98. Rd7+
Ke5 99. Rc7 Ra5 100. Re7+ Be6 101. Rb7 Rc5 102. Ke7 Rc1 103. Ra7 Bc8 104. Ra5+ 1/2-1/2

[Event "75th Tata Steel GpA"]
[Site "Wijk aan Zee NED"]
[Date "2013.01.27"]
[Round "13.6"]
[White "L'Ami, Erwin"]
[Black "Sokolov, Ivan"]
[Result "1/2-1/2"]
[WhiteTitle "GM"]
[BlackTitle "GM"]
[WhiteElo "2627"]
[BlackElo "2663"]
[WhiteFideId "1007998"]
[BlackFideId "14400030"]
[EventDate "2013.01.12"]

1. d4 Nf6 2. c4 e6 3. Nf3 d5 4. Nc3 c5 5. cxd5 cxd4 6. Qxd4 exd5 7. e4 Nc6 8.
Bb5 dxe4 9. Qxd8+ Kxd8 10. Ng5 Be6 11. Nxe6+ fxe6 12. Bxc6 bxc6 13. Bg5 Bb4 14.
O-O-O+ Kc7 15. Rhe1 Nd5 16. Kc2 Rhf8 17. Bh4 e3 18. Bg3+ Kb7 19. fxe3 Rad8 20.
Rd3 Ba5 21. a3 c5 22. e4 c4 23. Rdd1 Nxc3 24. bxc3 Kc6 25. Rxd8 Bxd8 26. Rd1 Be7
27. a4 Bc5 28. Rd2 g5 29. h3 h5 30. Be5 g4 31. hxg4 hxg4 32. Bd4 Rf4 33. Bxc5
Kxc5 34. Rd7 Rxe4 35. Kd2 a6 36. g3 Re5 37. Rg7 Rd5+ 38. Kc2 Rh5 39. Kd2 Rd5+
40. Kc2 Rf5 41. Rxg4 Rf2+ 42. Kc1 e5 43. Rg6 Kd5 44. Rxa6 Ke4 45. Rd6 Ra2 46. g4
Rxa4 47. g5 Ra2 48. g6 Rg2 49. Re6 Kf4 50. Kd1 e4 51. Rf6+ Ke3 52. Rd6 Rg1+ 53.
Kc2 Kf3 54. Rf6+ Ke2 55. Re6 e3 56. Rf6 Ke1 57. Re6 Kf2 58. Rf6+ Ke2 59. Rd6 Kf3
60. Rf6+ Ke4 61. Re6+ Kf4 62. Kb2 Kf3 63. Rf6+ Ke4 64. Re6+ Kd3 65. Rd6+ Ke2 66.
Kc2 Kf2 67. Rf6+ Ke1 68. Re6 e2 69. Rf6 Rg2 70. Kc1 Rf2 71. Re6 Rg2 72. Rf6 Rg1
73. Kc2 Rg3 74. Re6 Kf2 75. Rf6+ Rf3 76. Rxf3+ Kxf3 77. g7 e1=Q 78. g8=Q Qe2+
79. Kc1 Qe3+ 80. Kc2 Qd3+ 81. Kc1 Qxc3+ 82. Kd1 Qd3+ 83. Kc1 Qf1+ 84. Kc2 Qg2+ 1/2-1/2

[Event "75th Tata Steel GpA"]
[Site "Wijk aan Zee NED"]
[Date "2013.01.27"]
[Round "13.7"]
[White "Hou, Yifan"]
[Black "Leko, Peter"]
[Result "1/2-1/2"]
[WhiteTitle "GM"]
[BlackTitle "GM"]
[WhiteElo "2603"]
[BlackElo "2735"]
[WhiteFideId "8602980"]
[BlackFideId "703303"]
[EventDate "2013.01.12"]

1. e4 e5 2. Nf3 Nc6 3. Bb5 a6 4. Ba4 Nf6 5. O-O Be7 6. Re1 b5 7. Bb3 O-O 8. c3
d5 9. exd5 Nxd5 10. Nxe5 Nxe5 11. Rxe5 c6 12. d4 Bd6 13. Re1 Qh4 14. g3 Qh3 15.
Qe2 Bg4 16. Qf1 Qh5 17. Nd2 Rae8 18. f3 Bh3 19. Qf2 Rxe1+ 20. Qxe1 Bf4 21. Bxd5
Bxd2 22. Bxd2 Qxd5 23. Qe4 Qd7 24. Re1 Be6 25. a3 Re8 26. g4 f6 27. h3 Bf7 28.
Qf4 Rxe1+ 29. Bxe1 h6 30. Qe4 Bd5 31. Qe3 Qe6 32. Kf2 Qxe3+ 33. Kxe3 Kf7 34. h4
g6 35. Bg3 h5 36. gxh5 gxh5 37. Bd6 1/2-1/2

[Event "75th Tata Steel GpB"]
[Site "Wijk aan Zee NED"]
[Date "2013.01.27"]
[Round "13.1"]
[White "Grandelius, Nils"]
[Black "Tiviakov, Sergei"]
[Result "1/2-1/2"]
[WhiteTitle "GM"]
[BlackTitle "GM"]
[WhiteElo "2572"]
[BlackElo "2655"]
[WhiteFideId "1710400"]
[BlackFideId "1008013"]
[EventDate "2013.01.12"]

1. e4 d5 2. exd5 Qxd5 3. Nc3 Qd6 4. d4 Nf6 5. Nf3 g6 6. Nb5 Qd8 7. c4 Bg7 8. Bf4
Na6 9. h3 O-O 10. Be2 c5 11. O-O cxd4 12. Nfxd4 Ne4 13. Bf3 Nac5 14. b4 e5 15.
bxc5 Nxc5 16. Bg3 exd4 17. Nc7 Rb8 18. Nd5 Ra8 19. Nc7 Rb8 20. Nd5 Ra8 21. Nc7 1/2-1/2

[Event "75th Tata Steel GpB"]
[Site "Wijk aan Zee NED"]
[Date "2013.01.27"]
[Round "13.2"]
[White "Dubov, Daniil"]
[Black "Van Kampen, Robin"]
[Result "1/2-1/2"]
[WhiteTitle "GM"]
[BlackTitle "GM"]
[WhiteElo "2600"]
[BlackElo "2581"]
[WhiteFideId "24126055"]
[BlackFideId "1020854"]
[EventDate "2013.01.12"]

1. d4 Nf6 2. c4 g6 3. Nc3 d5 4. cxd5 Nxd5 5. e4 Nxc3 6. bxc3 Bg7 7. Qa4+ Nd7 8.
Nf3 c5 9. Be2 O-O 10. O-O Nb6 11. Qa3 cxd4 12. cxd4 Bg4 13. Bg5 Bxf3 14. Bxf3
Nc4 15. Qb4 Qxd4 16. Rac1 1/2-1/2

[Event "75th Tata Steel GpB"]
[Site "Wijk aan Zee NED"]
[Date "2013.01.27"]
[Round "13.3"]
[White "Naiditsch, Arkadij"]
[Black "Ernst, Sipke"]
[Result "1-0"]
[WhiteTitle "GM"]
[BlackTitle "GM"]
[WhiteElo "2708"]
[BlackElo "2556"]
[WhiteFideId "4650891"]
[BlackFideId "1004689"]
[EventDate "2013.01.12"]

1. c4 c6 2. e4 d5 3. exd5 cxd5 4. d4 Nf6 5. Nc3 e6 6. Nf3 Be7 7. cxd5 Nxd5 8.
Bd3 Nc6 9. O-O Bf6 10. Be3 Nxe3 11. fxe3 O-O 12. Ne4 Be7 13. Rc1 Nb4 14. Bb1 b6
15. Nc3 Ba6 16. Rf2 Rc8 17. Ne5 Bg5 18. Qf3 f6 19. Qh3 g6 20. Qxe6+ Kg7 21. Nf3
Bh6 22. Re1 Bc4 23. Qh3 Qd6 24. e4 Rce8 25. d5 Qc5 26. Na4 Qa5 27. b3 Bb5 28.
Nc3 f5 29. Nxb5 Qxb5 30. Nd4 Qc5 31. Ne6+ Rxe6 32. dxe6 fxe4 33. Qg3 Bd2 34. e7
Rxf2 35. Qxf2 Qxf2+ 36. Kxf2 Bxe1+ 37. Kxe1 Kf7 38. Kd2 Kxe7 39. a3 Nd3 40. Bxd3
exd3 41. Kxd3 Ke6 42. Kc4 a6 43. a4 Kd6 44. b4 Ke5 45. h4 h5 46. a5 bxa5 47.
bxa5 Kd6 48. Kd4 Kc6 49. Ke5 Kb5 50. Kf6 Kxa5 51. Kxg6 Kb6 52. Kxh5 a5 53. g4 a4
54. g5 a3 55. g6 a2 56. g7 a1=Q 57. g8=Q Kc7 58. Qf7+ Kd8 59. Kg6 Qg1+ 60. Kh7
Qb1+ 61. Kg8 Qg1+ 62. Qg7 Qh2 63. Qf8+ Kd7 64. Qf7+ Kd8 65. h5 Qg3+ 66. Qg6 Qf4
67. Qf7 Qg4+ 68. Kf8 Qb4+ 69. Kg7 Qg4+ 70. Qg6 Qd7+ 71. Kf8 Qd4 72. Qg5+ Kc8 73.
h6 Qb4+ 74. Kg7 Qd4+ 75. Qf6 Qd7+ 76. Kf8 Qd3 77. Qe6+ Kb8 78. Qe8+ Ka7 79. Qf7+
Ka6 80. h7 Qd4 81. Qg6+ Ka5 82. Qh5+ 1-0

[Event "75th Tata Steel GpB"]
[Site "Wijk aan Zee NED"]
[Date "2013.01.27"]
[Round "13.4"]
[White "Nikolic, Predrag"]
[Black "Rapport, Richard"]
[Result "0-1"]
[WhiteTitle "GM"]
[BlackTitle "GM"]
[WhiteElo "2619"]
[BlackElo "2621"]
[WhiteFideId "14400014"]
[BlackFideId "738590"]
[EventDate "2013.01.12"]

1. d4 Nf6 2. c4 c5 3. d5 e6 4. Nc3 exd5 5. cxd5 d6 6. g3 g6 7. Bg2 Bg7 8. Nf3
O-O 9. O-O Re8 10. Nd2 b6 11. a4 Nbd7 12. h3 a6 13. Rb1 Qe7 14. Nc4 Ne5 15. Nxb6
Rb8 16. Nxc8 Rexc8 17. b3 Nh5 18. Bd2 Rc7 19. Qc2 Rcb7 20. Rfc1 f5 21. e3 Nf6
22. Ne2 Ne4 23. Bxe4 fxe4 24. Qxe4 Rxb3 25. Rxb3 Rxb3 26. Bc3 Qd7 27. f4 Nf7 28.
g4 Bxc3 29. Nxc3 Qd8 30. Qc2 Qb6 31. Qd2 g5 32. Rc2 Qb4 33. Kh2 Qc4 34. Kg2 Nh8
35. Kf2 Ng6 36. Ne2 Qxa4 37. Rb2 gxf4 38. exf4 c4 39. f5 c3 40. Nxc3 Qf4+ 41.
Ke1 Qg3+ 42. Kd1 Rxc3 43. Rb8+ Kg7 44. Rb7+ Kf6 45. fxg6 Qf3+ 46. Qe2 Qh1+ 0-1

[Event "75th Tata Steel GpB"]
[Site "Wijk aan Zee NED"]
[Date "2013.01.27"]
[Round "13.5"]
[White "Ipatov, Alexander"]
[Black "Movsesian, Sergei"]
[Result "1/2-1/2"]
[WhiteTitle "GM"]
[BlackTitle "GM"]
[WhiteElo "2587"]
[BlackElo "2688"]
[WhiteFideId "14116731"]
[BlackFideId "310204"]
[EventDate "2013.01.12"]

1. d4 d6 2. Nf3 Bg4 3. e4 Nd7 4. h3 Bh5 5. c4 e5 6. d5 Be7 7. Nc3 Bxf3 8. Qxf3
Bg5 9. Bxg5 Qxg5 10. h4 Qd8 11. Qg3 Kf8 12. Qe3 Ngf6 13. Be2 h5 14. g3 a5 15.
O-O-O Nc5 16. Kb1 Qe7 17. Rhf1 g6 18. Rde1 Kg7 19. Bd1 Rhe8 20. Bc2 c6 21. f4
Ng4 22. Qd2 Nd7 23. f5 Ndf6 24. Rf3 Qc7 25. Ref1 Rf8 26. Rd1 Rad8 27. dxc6 bxc6
28. Rd3 Qb7 29. Re1 Qb4 30. b3 Rd7 31. Bd1 Rb8 32. Bxg4 Nxg4 33. Ka1 Qa3 34. Nb1
Qc5 35. Nc3 Rbd8 36. Rf1 Qb6 37. Rdf3 a4 38. Nxa4 Qd4+ 39. Qxd4 exd4 40. fxg6
fxg6 41. Rf4 Re7 42. c5 d5 43. exd5 Rxd5 44. Rd1 d3 45. Nc3 Rd8 46. Rd2 Re3 47.
Kb2 Rde8 48. Rd4 Ne5 49. Ne4 Nf3 50. Rd7+ Kf8 51. Ng5 Nxd2 52. Nh7+ Kg8 53. Nf6+
Kf8 54. Nh7+ 1/2-1/2

[Event "75th Tata Steel GpB"]
[Site "Wijk aan Zee NED"]
[Date "2013.01.27"]
[Round "13.6"]
[White "Timman, Jan H"]
[Black "Edouard, Romain"]
[Result "1/2-1/2"]
[WhiteTitle "GM"]
[BlackTitle "GM"]
[WhiteElo "2566"]
[BlackElo "2686"]
[WhiteFideId "1000012"]
[BlackFideId "633429"]
[EventDate "2013.01.12"]

1. d4 Nf6 2. c4 g6 3. Nc3 d5 4. cxd5 Nxd5 5. e4 Nxc3 6. bxc3 Bg7 7. Be3 c5 8.
Qd2 cxd4 9. cxd4 Nc6 10. Rd1 Qa5 11. Qxa5 Nxa5 12. Nf3 Bg4 13. Bb5+ Bd7 14. a4
Bxb5 15. axb5 Nc4 16. Rb1 O-O 17. Ke2 f5 18. e5 e6 19. Ng5 Rfe8 20. h4 h6 21.
Nh3 Rec8 22. Nf4 1/2-1/2

[Event "75th Tata Steel GpB"]
[Site "Wijk aan Zee NED"]
[Date "2013.01.27"]
[Round "13.7"]
[White "Smeets, Jan"]
[Black "Turov, Maxim"]
[Result "1-0"]
[WhiteTitle "GM"]
[BlackTitle "GM"]
[WhiteElo "2615"]
[BlackElo "2630"]
[WhiteFideId "1007246"]
[BlackFideId "4120086"]
[EventDate "2013.01.12"]

1. e4 c6 2. d4 d5 3. Nc3 dxe4 4. Nxe4 Bf5 5. Ng3 Bg6 6. h4 h6 7. Nf3 Nd7 8. h5
Bh7 9. Bd3 Bxd3 10. Qxd3 e6 11. Bd2 Ngf6 12. O-O-O Bd6 13. Ne4 Bc7 14. c4 Qe7
15. a3 Nxe4 16. Qxe4 O-O-O 17. Bb4 Qf6 18. g3 Rhe8 19. Kb1 Nb6 20. Rc1 Kb8 21.
Qg4 Nc8 22. Bc3 Ne7 23. d5 e5 24. Rhe1 Nf5 25. Nxe5 Bxe5 26. Rxe5 Rxe5 27. f4
Ne3 28. fxe5 Nxg4 29. exf6 Nxf6 30. Bxf6 gxf6 31. dxc6 bxc6 32. Rf1 Rd6 33. Rf5
Re6 34. Kc2 Kc7 35. Kd3 Re5 36. g4 Re6 37. Kd4 Kb6 38. b4 Rd6+ 39. Rd5 Re6 40.
Rd7 Re5 41. Rxf7 Rg5 42. Rxf6 Rxg4+ 43. Kc3 Rg3+ 44. Kb2 Kb7 45. Rxh6 Rh3 46.
Rh8 1-0

[Event "75th Tata Steel GpC"]
[Site "Wijk aan Zee NED"]
[Date "2013.01.27"]
[Round "13.6"]
[White "Van Der Werf, Mark"]
[Black "Mekhitarian, Krikor Sevag"]
[Result "0-1"]
[WhiteTitle "IM"]
[BlackTitle "GM"]
[WhiteElo "2450"]
[BlackElo "2543"]
[WhiteFideId "1000470"]
[BlackFideId "2107660"]
[EventDate "2013.01.12"]

1. d4 Nf6 2. c4 e6 3. Nc3 Bb4 4. e3 c5 5. Ne2 cxd4 6. exd4 d5 7. c5 O-O 8. a3
Ba5 9. Bg5 h6 10. Bh4 Nc6 11. f4 Bc7 12. b4 b6 13. cxb6 Bxb6 14. Qd3 Bd7 15. g3
Rc8 16. Bg2 Ne7 17. Bxf6 gxf6 18. O-O Nf5 19. g4 Nh4 20. f5 exf5 21. gxf5 Kh7
22. Bxd5 Bc6 23. Bxc6 Rxc6 24. Qe4 Rxc3 25. Nxc3 Bxd4+ 26. Kh1 Bxc3 27. Rad1 Qc8
28. Rf4 Rd8 29. Rc1 Be5 30. Rff1 Qa6 31. a4 Rd2 32. Qc4 Rxh2+ 33. Kg1 Rg2+ 34.
Kh1 Qb7 35. Qc6 Rh2+ 36. Kg1 Rg2+ 37. Kh1 Qxb4 38. Rc4 Qd2 0-1